LEADER 01008nam a2200229 i 4500 001 000000021187 003 CaOOAMICUS 005 20250825140010.0 008 180830s19781979xxk u000 u mul u 040 $aSeMil$bita 100 1 $aMartialis, Marcus Valerius,$d.$0(OLS)http://semarc/name/9079 245 10$aEpigrams /$cMartial ; with an english translation by Walter C. A. Ker. 264 1$aCambridge, Massachusetts :$bHarvard University Press ;$aLondon :$bHeinemann,$c1978-1979. 300 $a2 v. ;$c17 cm. 546 $aTesto in inglese e latino 700 1 $aKer, Walter Charles Alan.$0(OLS)http://semarc/name/9465 774 0 $tVol. 1.$kLoeb Classical Library$w()179089 774 0 $tVol. 2.$kLoeb Classical Library$w()179090 996 $6245$aEpigrams$9(OLS)http://semarc/title/28005 996 $6264$aCambridge, Massachusetts :$bHarvard University Press$9(OLS)http://semarc/publisher/30206 996 $6264$aLondon :$bHeinemann$9(OLS)http://semarc/publisher/58753 LEADER 01494nam a2200253 i 4500 001 000000206428 003 CaOOAMICUS 005 20190626124218.0 008 111004s1816 it u000 u ita u 013 $a185197 026 $ao,i- a.n- o,ve Eul' (3) 1816 (A) 040 $aSeMil$bita 100 1 $aSoave, Francesco,$d<1743-1806>.$0(OLS)http://semarc/name/89853 245 10$aMitologia, ossia Esposizione delle favole. Transunto delle Metamorfosi di Ovidio. Origine dell'idolatria. Coll'aggiunta dell'orazione di S. Basilio Magno intorno alla maniera di trar frutto dai libri de' poeti gentili ... Di Francesco Soave. 260 $aMilano :$bPresso Ferdinando Baret,$c1816. 300 $a7, [1], 227, [1], 32, [2] p. ;$c12°. 490 0 $aRaccolta delle opere complete di Francesco Soave ;$v16 700 1 $aBaret, Ferdinando,$c.$0(OLS)http://semarc/name/11303 830 0$aRaccolta delle opere complete di Francesco Soave ;$v16.$0(OLS)http://semarc/title/34330 850 $aSeMil 852 $aSeMil$W1$xVenegono$y1$m1O IV 21 FA$j156911$B156911$CSeMilBibl$Z2$F168161 $8I 996 $6245$aMitologia, ossia Esposizione delle favole. Transunto delle Metamorfosi di Ovidio. Origine dell'idolatria. Coll'aggiunta dell'orazione di S. Basilio Magno intorno alla maniera di trar frutto dai libri de' poeti gentili ... Di Francesco Soave$9(OLS)http://semarc/title/298605 996 $6260$aMilano :$bPresso Ferdinando Baret$9(OLS)http://semarc/publisher/36497